Statistiken für Deutsche TV Stars der 90er/2000er erraten mit Bildern - Teil 2

Klicken Sie hier um das Quiz zu spielen!

Allgemein

  • Dieses Quiz wurde 173 mal gespielt
  • Das Durchschnittsergebnis liegt bei 8 aus 15

Antwortstatistiken

Antwort% Korrekt
Bastian Pastewka
91%
Detlef D! Soost
79%
Anke Engelke
78%
Richter Alexander Hold
75%
Alexander Klaws
70%
Sonya Kraus
64%
Gaby Köster
54%
Tom Gerhardt
45%
Katja Burkard
40%
Ricky
36%
Carsten Spengemann
34%
Alexandra Neldel
33%
Ulla Kock am Brink
29%
Beate
22%
Tanja Schumann
21%

Verteilung der Resultate

Perzentil nach korrekt beantworteten Fragen

Anzahl Personen mit jedem Resultat

Ihre Resultats-Entwicklung

Sie haben dieses Quiz noch nicht gespielt